|
|
|
|
| LEADER |
00000cam a22000004a 4500 |
| 001 |
musev2_1046 |
| 003 |
MdBmJHUP |
| 005 |
20230905040152.0 |
| 006 |
m o d |
| 007 |
cr||||||||nn|n |
| 008 |
100820s2011 alu o 00 0 eng d |
| 010 |
|
|
|z 2010032809
|
| 020 |
|
|
|a 9780817385316
|
| 020 |
|
|
|z 9780817356491
|
| 035 |
|
|
|a (OCoLC)772459664
|
| 040 |
|
|
|a MdBmJHUP
|c MdBmJHUP
|
| 043 |
|
|
|a n-usl---
|
| 050 |
0 |
4 |
|a E78.E2
|b M47 2011
|
| 082 |
0 |
|
|a 974.9/01
|2 22
|
| 100 |
1 |
|
|a Messner, Timothy C.
|
| 245 |
1 |
0 |
|a Acorns and Bitter Roots :
|b Starch Grain Research in the Prehistoric Eastern Woodlands /
|c Timothy C. Messner.
|
| 264 |
|
1 |
|a Tuscaloosa :
|b University of Alabama Press,
|c 2011.
|
| 264 |
|
3 |
|a Baltimore, Md. :
|b Project MUSE,
|c 2012
|
| 264 |
|
4 |
|c ©2011.
|
| 300 |
|
|
|a 1 online resource (213 pages):
|b ill., maps ;
|
| 336 |
|
|
|a text
|b txt
|2 rdacontent
|
| 337 |
|
|
|a computer
|b c
|2 rdamedia
|
| 338 |
|
|
|a online resource
|b cr
|2 rdacarrier
|
| 504 |
|
|
|a Includes bibliographical references and index.
|
| 505 |
0 |
|
|a Interactions between people and plants -- The biology and archaeology of starch grain research -- Approaches to and outcomes of plant processing -- Starch grain studies in the Delaware River Watershed and beyond -- Woodland Period plant use in the Delaware River Watershed -- The environment of paleoethnobotany.
|
| 588 |
|
|
|a Description based on print version record.
|
| 650 |
|
0 |
|a Ethnoarchaeology
|x Methodology.
|
| 650 |
|
0 |
|a Paleoethnobotany
|x Methodology.
|
| 650 |
|
0 |
|a Ethnoarchaeology
|z Delaware River Watershed (N.Y.-Del. and N.J.)
|
| 650 |
|
0 |
|a Paleoethnobotany
|z Delaware River Watershed (N.Y.-Del. and N.J.)
|
| 650 |
|
0 |
|a Starch
|z Delaware River Watershed (N.Y.-Del. and N.J.)
|x Analysis.
|
| 650 |
|
0 |
|a Plant remains (Archaeology)
|z Delaware River Watershed (N.Y.-Del. and N.J.)
|
| 650 |
|
0 |
|a Excavations (Archaeology)
|z Delaware River Watershed (N.Y.-Del. and N.J.)
|
| 650 |
|
0 |
|a Woodland Indians
|z Delaware River Watershed (N.Y.-Del. and N.J.)
|x Antiquities.
|
| 651 |
|
0 |
|a Delaware River Watershed (N.Y.-Del. and N.J.)
|x Environmental conditions.
|
| 651 |
|
0 |
|a Delaware River Watershed (N.Y.-Del. and N.J.)
|x Antiquities.
|
| 655 |
|
7 |
|a Electronic books.
|2 local
|
| 710 |
2 |
|
|a Project Muse.
|e distributor
|
| 830 |
|
0 |
|a Book collections on Project MUSE.
|
| 856 |
4 |
0 |
|z Texto completo
|u https://projectmuse.uam.elogim.com/book/1046/
|
| 945 |
|
|
|a Project MUSE - Custom Collection
|
| 945 |
|
|
|a Project MUSE - 2011 Complete
|
| 945 |
|
|
|a Project MUSE - 2011 Archaeology and Anthropology
|
| 945 |
|
|
|a Project MUSE - 2011 Native American and Indigenous Studies
|